| 000 | 00573nam a2200193Ia 4500 | ||
|---|---|---|---|
| 005 | 20250522104527.0 | ||
| 008 | 008 250516s9999 xx 000 0 eng d | ||
| 020 | _a9780198925392 | ||
| 040 |
_aSDCL _beng _cSDCL |
||
| 041 |
_aeng _2eng |
||
| 084 |
_aRxM91:g(W), R4 _qSDCL |
||
| 100 | _aRodrigues, Valerian | ||
| 245 | 0 |
_aAmbedkar's political philosophy : _bA grammar of public life from the social margins |
|
| 260 |
_aNew York: _bOxford University Press, _c2024. |
||
| 300 | _aviii,409p. | ||
| 365 |
_aINR _b1495 |
||
| 650 | _aPolitical Science | ||
| 942 | _cTEXL | ||
| 999 |
_c1430645 _d1430645 |
||